Axial flow turbines,fluid mechanics and thermodynamics (Record no. 12212)

000 -LEADER
fixed length control field 00408nam a22001457a 4500
008 - FIXED-LENGTH DATA ELEMENTS--GENERAL INFORMATION
fixed length control field 210122b ||||| |||| 00| 0 eng d
082 00 - DEWEY DECIMAL CLASSIFICATION NUMBER
Classification number 621.406
Item number H812
100 ## - MAIN ENTRY--PERSONAL NAME
9 (RLIN) 4387
Personal name Horlock, J. H.
245 10 - TITLE STATEMENT
Title Axial flow turbines,fluid mechanics and thermodynamics
260 ## - PUBLICATION, DISTRIBUTION, ETC. (IMPRINT)
Place of publication, distribution, etc London
Name of publisher, distributor, etc Butterworth
Date of publication, distribution, etc 1966
300 ## - PHYSICAL DESCRIPTION
Extent x,275 p.
365 ## - TRADE PRICE
Unit of pricing 90.00
650 #0 - SUBJECT ADDED ENTRY--TOPICAL TERM
Topical term or geographic name as entry element Gas Turbines
942 ## - ADDED ENTRY ELEMENTS (KOHA)
Item type Audio visual resources
Holdings
Withdrawn status Lost status Source of classification or shelving scheme Damaged status Not for loan Permanent location Current location Date acquired Source of acquisition Full call number Barcode Date last seen Koha item type
          IMU Kolkata IMU Kolkata 1970-09-28 W. Newman & Co 621.406 H812 03511 2021-01-22 Books
Designed and Maintained by IMU-KC Library, Kolkata Campus © Copyright All Rights Reserved

webs counters

Powered by Koha